000 01583cam a2200289 4500
001 13376
005 20251008083313.0
008 740111s1974 pau b 001 0 eng
010 _a 74000510
020 _a0829802703
020 _a9780829802702
035 _a3622315
040 _aDLC
_cDLC
_dDLC
_dBSULIB
050 0 0 _aBJ1251
_b.G88
082 0 0 _a241
_bGUS
100 1 _aGustafson, James M.
_97011
245 1 0 _aTheology and Christian ethics/
_c[by] James M. Gustafson.
260 _aPhiladelphia,
_bUnited Church Press
_c[1974]
300 _a315 p.
_c22 cm.
500 _a"A Pilgrim Press book."
504 _aIncludes bibliographical references.
505 0 _aSwezey, C. M. Introduction.--The burden of the ethical.--Faith, unbelief, and moral life.--Education for moral responsibility.--The theologian as prophet, preserver, or participant.--Moral discernment in the Christian life.--The place of Scripture in Christian ethics.--The relation of the Gospels to the moral life.--Spiritual life and moral life.--The relevance of historical understanding.--Man--in light of social science and Christian faith.--The relationship of empirical science to moral thought.--What is the normatively human?--Basic ethical issues in the biomedical fields.--Genetic engineering and the normative view of the human.--Bibliography of the writings of James M. Gustafson, 1951-1973 (p. 297-305)
650 0 _aChristian ethics.
_96289
906 _a7
_bcbc
_corignew
_d1
_eocip
_f19
_gy-gencatlg
942 _2ddc
_cBK
999 _c13376
_d13376